00230 a2200109 4500001000700000040003500007100001900042240002400061245001900085300000700104362000900111155077 cEscola São Tomás de Aquino aNEWSOME, Julia10aSaturday Stormlpor10aSaturday Storm a630 a1997